000 00666nam a2200181Ia 4500
003 GCL
008 140319s9999 xx 000 0 ara d
040 _aGCL /
_cGCL
082 0 4 _a615.902
_bف م
100 1 _aفتحى عبدالهادى
245 1 0 _aالملوثات البيئية والسموم :
_bالديناميكية واستجابة الجهاز الهضمى لها /
_cفتحى عبدالهادى
260 _aالقاهرة :
_bدار الفجر للنشر والتوزيع ،
_c2001
300 _a420 ص ؛
_c25 سم
650 0 4 _aتلوث البيئة
650 0 4 _aالصحة العامة
650 0 4 _aالتلوث - سموم
942 _2ddc
_cBK
999 _c2060
_d2060